| 000 | 00554nam a2200205Ia 4500 | ||
|---|---|---|---|
| 008 | 180207s9999 xx 000 0 und d | ||
| 020 | _a9789715081428 | ||
| 050 | _bM722 2002 | ||
| 100 | _aMolina, Russel | ||
| 245 | _aAng madyik silya ni Titoy / | ||
| 245 | _cby Russel Molina ; illustrated by Marcus Nada. | ||
| 250 | _aFirst edition. | ||
| 260 | _aMetro Manila, Philippines : | ||
| 260 | _bAdarna House, | ||
| 260 | _c2002 | ||
| 300 | _aunpaged : | ||
| 300 | _bcolor illustration ; | ||
| 300 | _c20cm. | ||
| 650 | _aA book in 2 languages. | ||
| 999 |
_c355800 _d355800 |
||